| 000 | 01075nam a2200373 a 4500 | ||
|---|---|---|---|
| 003 | AR-BaBNM | ||
| 005 | 20251128204225.0 | ||
| 008 | 082120s2002 ||||||||||||||000 | spa|| | ||
| 020 | _a84-7774-058-5 | ||
| 040 | _cAR-BaBNM | ||
| 100 | 1 | _aAlvermann, Donna E. | |
| 245 | 0 | 0 |
_aDiscutir para comprender ; _bEl uso de la discusión en el aula |
| 260 |
_aMadrid _bVisor _c1990 |
||
| 300 |
_a93 p. _bil. |
||
| 490 | 0 |
_aAprendizaje _vv. 58 |
|
| 500 | _aPrefacio de Ira E. Aaron | ||
| 650 | 4 | _aDISCUSION EN GRUPO | |
| 650 | 4 | _aAPRENDIZAJE | |
| 650 | 4 | _aCOMUNICACION VERBAL | |
| 650 | 4 | _aGRUPOS DE DISCUSION | |
| 650 | 4 | _aACTIVIDADES DE APRENDIZAJE | |
| 650 | 4 | _aACTIVIDADES DE LA CLASE | |
| 650 | 4 | _aDESTREZAS LINGÜISTICAS | |
| 653 | _aMETODOS EDUCATIVOS | ||
| 653 | _aESTRATEGIAS EDUCATIVAS | ||
| 653 | _aCOMPRENSION LECTORA | ||
| 700 | 1 | _aDillon, Deborah R. | |
| 700 | 1 | _aO'Brien, David G. | |
| 700 | 1 |
_aFernández Bieberach, Patricia _etraductor |
|
| 800 | 1 | _aAlvarez, Amelia | |
| 800 | 1 |
_aRío, Pablo de _edirector |
|
| 942 | _cBK | ||
| 998 | _cCarmen | ||
| 999 |
_c6627 _d6627 |
||